Statistics for Fruits and Vegetables

Click here to take the quiz!

General Stats

  • This quiz has been taken 752 times
  • The average score is 16 of 37

Answer Stats

Answer% Correct
apple
96%
orange
82%
carrots
72%
tomatoes
72%
potatoes
71%
strawberry
70%
lettuce
63%
blueberry
59%
watermelon
56%
cucumber
54%
onions
54%
broccoli
51%
corn
51%
raspberry
51%
cabbage
50%
blackberry
48%
cherry
45%
pepper
45%
beans
44%
cauliflower
41%
peas
40%
spinach
40%
radish
36%
celery
35%
grapefruit
34%
squash
34%
eggplant
32%
sweet potatoes
28%
zucchini
28%
tangerine
20%
cantaloupe
18%
honeydew
16%
okra
11%
greens
8%
hard squash
7%
jalapeno
7%
kumquat
3%

Score Distribution

Percentile by Number Answered

Percent of People with Each Score

Your Score History

You have not taken this quiz